000 00494nam a22001697a 4500
999 _c10198
_d10198
003 AR-CdUCM
008 190329b ||||| |||| 00| 0 spa d
040 _aMUNICIPALIDAD PROVINCIAL DEL CUSCO
_cBIBLIOTECA MUNICIPAL DEL CUSCO
082 _22ed.
_aES / 800 /
_bA57
100 _aAndersen
_926908
245 _aCuentos de Andersen /
260 _aBarcelona :
_bBruguera,
_c1959.
300 _a255 páginas ;
_c19.5 cm.
650 _aObras literarias.
_9403
942 _2ddc
_cLIBROS
945 _awfj